000 00354nam a2200145Ia 4500
008 230917s9999||||xx |||||||||||||| ||und||
040 _e109575
_aMAIN
041 _aEnglish
082 _a820.9 A24M
100 _aAyers, David
245 0 _aModernism: A short introduction.
260 _aOxford
_bBlackwell
_c2005
300 _aix, 153 p.
942 _cBK
999 _c128723
_d128723